[Event "Bundesliga 9900"]
[Site "Deutschland"]
[Date "1999.11.07"]
[Round "4.6"]
[White "Berg, Emanuel"]
[Black "Hoffmann, Michael"]
[Result "0-1"]
[WhiteElo "2348"]
[BlackElo "2439"]
[PlyCount "104"]
[EventDate "1999.10.09"]
[EventType "team"]
[EventRounds "15"]
[EventCountry "GER"]
[SourceTitle "Bundesliga 9900"]
[Source "DeepChess"]
[SourceDate "2005.01.01"]
[SourceVersion "1"]
[SourceVersionDate "2005.01.01"]
[SourceQuality "1"]
[WhiteTeam "PSV Turm Duisburg 1920 e.V."]
[BlackTeam "SV Castrop Rauxel 1923"]
[WhiteTeamCountry "GER"]
[BlackTeamCountry "GER"]

1. e4 c5 2. Nf3 d6 3. d4 Nf6 4. Nc3 cxd4 5. Nxd4 a6 6. Be3 e5 7. Nb3 Be7 8. f3
Be6 9. Qd2 O-O 10. O-O-O b5 11. Nd5 Bxd5 12. exd5 Qc7 13. Kb1 Nbd7 14. g4 Nb6
15. Bxb6 Qxb6 16. Bd3 a5 17. Nc1 Rac8 18. Ne2 Rc5 19. Ng3 Nxd5 20. Be4 Nf4 21.
Nf5 Re8 22. Nxe7+ Rxe7 23. Qxd6 Qxd6 24. Rxd6 g6 25. Rhd1 b4 26. h4 Ne6 27. h5
Kg7 28. Rh1 Rec7 29. Rh2 Kf6 30. Kc1 Kg5 31. hxg6 hxg6 32. Rf2 Re7 33. Kd2 Kf4
34. Bd5 Nd4 35. Kd3 Rec7 36. Bb3 Kg3 37. Rf1 Kg2 38. Re1 Kf2 39. Re3 Rc3+ 40.
bxc3 Rxc3+ 41. Kd2 Nxb3+ 42. axb3 Rxe3 43. Rd5 Kxf3 44. Rxa5 Re2+ 45. Kd1 f5
46. Ra6 Rg2 47. gxf5 gxf5 48. Ra5 Ke4 49. Rb5 f4 50. Rxb4+ Ke3 51. c4 f3 52.
Rb8 f2 0-1

[Event "Bundesliga 9900"]
[Site "Deutschland"]
[Date "1999.11.07"]
[Round "4.7"]
[White "Hennig, Dirk"]
[Black "Kummerow, Heiko"]
[Result "1/2-1/2"]
[WhiteElo "2430"]
[BlackElo "2319"]
[PlyCount "58"]
[EventDate "1999.10.09"]
[EventType "team"]
[EventRounds "15"]
[EventCountry "GER"]
[SourceTitle "Bundesliga 9900"]
[Source "DeepChess"]
[SourceDate "2005.01.01"]
[SourceVersion "1"]
[SourceVersionDate "2005.01.01"]
[SourceQuality "1"]
[WhiteTeam "SV Castrop Rauxel 1923"]
[BlackTeam "PSV Turm Duisburg 1920 e.V."]
[WhiteTeamCountry "GER"]
[BlackTeamCountry "GER"]

1. d4 Nf6 2. c4 c5 3. Nf3 cxd4 4. Nxd4 Nc6 5. Nc3 e6 6. e3 Bb4 7. Nc2 Bc5 8. a3
a5 9. b3 d5 10. cxd5 exd5 11. Bb2 O-O 12. Be2 Be6 13. Nb5 Ne4 14. O-O Re8 15.
Ncd4 Qb6 16. Rc1 Rac8 17. Bd3 Nxd4 18. Nxd4 Qd6 19. Nb5 Qb6 20. Rc2 Bd7 21. Nd4
Qh6 22. f4 Nf6 23. Qc1 Bb6 24. Rxc8 Rxc8 25. Qd2 Ne4 26. Bxe4 dxe4 27. Rc1
Rxc1+ 28. Qxc1 Bxd4 29. Bxd4 Qc6 1/2-1/2

[Event "Bundesliga 9900"]
[Site "Deutschland"]
[Date "1999.11.07"]
[Round "4.2"]
[White "Rustemov, Alexander"]
[Black "Bunzmann, Dimitrij"]
[Result "1-0"]
[WhiteElo "2573"]
[BlackElo "2596"]
[PlyCount "101"]
[EventDate "1999.10.09"]
[EventType "team"]
[EventRounds "15"]
[EventCountry "GER"]
[SourceTitle "Bundesliga 9900"]
[Source "DeepChess"]
[SourceDate "2005.01.01"]
[SourceVersion "1"]
[SourceVersionDate "2005.01.01"]
[SourceQuality "1"]
[WhiteTeam "SV Wattenscheid 1930"]
[BlackTeam "SF Neukoelln 03 e.V."]
[WhiteTeamCountry "GER"]
[BlackTeamCountry "GER"]

1. Nf3 e6 2. g3 b6 3. Bg2 Bb7 4. O-O Nf6 5. c4 c5 6. Nc3 a6 7. b3 Be7 8. Bb2
O-O 9. e3 d5 10. cxd5 Nxd5 11. Nxd5 Bxd5 12. Qe2 Bf6 13. d4 cxd4 14. e4 d3 15.
Qxd3 Bxb2 16. Rad1 Bf6 17. exd5 exd5 18. Qxd5 Ra7 19. Ne5 Qc8 20. Nc4 Rd7 21.
Qa8 Rxd1 22. Rxd1 Rd8 23. Rxd8+ Qxd8 24. Qb7 b5 25. Ne3 Be5 26. Bd5 Qc7 27. Qa8
g6 28. Kg2 Kg7 29. Kf3 Qd6 30. Qb7 Nd7 31. Nc2 Bc3 32. Ke2 Kf6 33. Qc6 Qxc6 34.
Bxc6 Ke6 35. Bb7 a5 36. Bc8 Kd6 37. Kd3 Bg7 38. Bxd7 Kxd7 39. Nd4 Bxd4 40. Kxd4
Kd6 41. a3 f6 42. g4 Kc6 43. h4 Kd6 44. g5 fxg5 45. hxg5 Ke6 46. Ke4 Kd6 47. b4
axb4 48. axb4 Ke6 49. f4 Kd6 50. Kd4 Ke6 51. Kc5 1-0

[Event "Bundesliga 9900"]
[Site "Deutschland"]
[Date "1999.11.07"]
[Round "4.3"]
[White "Stohl, Igor"]
[Black "Ziegler, Ari"]
[Result "1-0"]
[WhiteElo "2600"]
[BlackElo "2404"]
[PlyCount "105"]
[EventDate "1999.10.09"]
[EventType "team"]
[EventRounds "15"]
[EventCountry "GER"]
[SourceTitle "Bundesliga 9900"]
[Source "DeepChess"]
[SourceDate "2005.01.01"]
[SourceVersion "1"]
[SourceVersionDate "2005.01.01"]
[SourceQuality "1"]
[WhiteTeam "SF Neukoelln 03 e.V."]
[BlackTeam "SV Wattenscheid 1930"]
[WhiteTeamCountry "GER"]
[BlackTeamCountry "GER"]

1. c4 e6 2. Nf3 d5 3. d4 c6 4. Nc3 Nf6 5. Bg5 h6 6. Bh4 dxc4 7. e4 g5 8. Bg3 b5
9. Be2 Nbd7 10. d5 Bb7 11. dxe6 fxe6 12. Nd4 Nc5 13. e5 Nd5 14. Bh5+ Kd7 15.
O-O Kc7 16. Ne4 Bc8 17. Nd6 Bxd6 18. exd6+ Kb7 19. a4 Nxa4 20. Rxa4 bxa4 21.
Qxa4 Bd7 22. Qxc4 Rf8 23. Nb3 Rb8 24. Nc5+ Ka8 25. Qa6 Qb6 26. Qa3 Rfd8 27. Ra1
Nb4 28. Qc3 Nd5 29. Qa3 Nb4 30. Rc1 Nd5 31. Be5 Qb4 32. Qf3 Rb5 33. Na6 Qa5 34.
Nc7+ Nxc7 35. dxc7 Rc8 36. Bg3 e5 37. Qf6 Qxc7 38. Bf3 Kb7 39. Qxh6 g4 40. Be4
Rxb2 41. Qg7 Rb5 42. f3 Qd6 43. Re1 Re8 44. fxg4 Qe7 45. Qxe7 Rxe7 46. g5 Be6
47. h4 Bd5 48. h5 Bxe4 49. Rxe4 Rh7 50. h6 a5 51. Bxe5 a4 52. Bf4 a3 53. Ra4
1-0

[Event "Bundesliga 9900"]
[Site "Deutschland"]
[Date "1999.11.07"]
[Round "4.4"]
[White "Sjodahl, Pontus"]
[Black "Berndt, Stephan"]
[Result "1/2-1/2"]
[WhiteElo "2419"]
[BlackElo "2500"]
[PlyCount "110"]
[EventDate "1999.10.09"]
[EventType "team"]
[EventRounds "15"]
[EventCountry "GER"]
[SourceTitle "Bundesliga 9900"]
[Source "DeepChess"]
[SourceDate "2005.01.01"]
[SourceVersion "1"]
[SourceVersionDate "2005.01.01"]
[SourceQuality "1"]
[WhiteTeam "SV Wattenscheid 1930"]
[BlackTeam "SF Neukoelln 03 e.V."]
[WhiteTeamCountry "GER"]
[BlackTeamCountry "GER"]

1. d4 Nf6 2. c4 g6 3. f3 d5 4. cxd5 Nxd5 5. e4 Nb6 6. Nc3 Bg7 7. Be3 O-O 8. Qd2
Nc6 9. O-O-O e5 10. d5 Nd4 11. f4 c5 12. fxe5 Bg4 13. Re1 Bxe5 14. h3 Qh4 15.
Bd3 Rfe8 16. Rf1 f6 17. Nf3 Bxf3 18. gxf3 g5 19. Kb1 Kh8 20. Nb5 Nxb5 21. Bxb5
Rec8 22. Be2 Na4 23. f4 gxf4 24. Bxf4 c4 25. Bg4 c3 26. Bxe5 fxe5 27. Qh2 Re8
28. b3 Nc5 29. Qc2 b6 30. b4 Nb7 31. Qxc3 Nd6 32. Qd3 a5 33. Rc1 axb4 34. Rc6
Red8 35. Rf1 Ra3 36. Qd2 Nb5 37. Qxb4 Ra5 38. Rf8+ Kg7 39. Rxd8 Qxd8 40. d6
Na3+ 41. Kb2 Rb5 42. Qxb5 Nxb5 43. d7 Nc7 44. Rxb6 Nd5 45. Rb3 Nf6 46. Bf5 Kh6
47. Rd3 Kg5 48. Kc2 Kf4 49. Kd1 Nxd7 50. Rxd7 Qa5 51. Rxh7 Qxa2 52. Kc1 Ke3 53.
Rd7 Qf2 54. Rd5 Qh2 55. Rd7 Qa2 1/2-1/2

[Event "Bundesliga 9900"]
[Site "Deutschland"]
[Date "1999.11.07"]
[Round "4.5"]
[White "Poldauf, Dirk"]
[Black "Holzke, Frank"]
[Result "0-1"]
[WhiteElo "2453"]
[BlackElo "2448"]
[PlyCount "84"]
[EventDate "1999.10.09"]
[EventType "team"]
[EventRounds "15"]
[EventCountry "GER"]
[SourceTitle "Bundesliga 9900"]
[Source "DeepChess"]
[SourceDate "2005.01.01"]
[SourceVersion "1"]
[SourceVersionDate "2005.01.01"]
[SourceQuality "1"]
[WhiteTeam "SF Neukoelln 03 e.V."]
[BlackTeam "SV Wattenscheid 1930"]
[WhiteTeamCountry "GER"]
[BlackTeamCountry "GER"]

1. c4 c5 2. g3 g6 3. Bg2 Bg7 4. Nc3 Nc6 5. a3 d6 6. Rb1 Bd7 7. b4 Qc8 8. Nf3
Rb8 9. bxc5 dxc5 10. Bb2 Bh3 11. Bxh3 Qxh3 12. Ne4 Bxb2 13. Rxb2 Qf5 14. Qb1
Nf6 15. Nxf6+ Qxf6 16. O-O b6 17. Rb3 O-O 18. Kg2 Rfd8 19. Qe4 Nd4 20. Rd3 Nxf3
21. Rxf3 Rd4 22. Qe3 Qd6 23. d3 e5 24. h4 h5 25. Qh6 e4 26. dxe4 Rxe4 27. Qc1
Qe6 28. Rd1 Rxc4 29. Qb2 Re4 30. e3 Rxh4 31. gxh4 Qg4+ 32. Rg3 Qxd1 33. Qe5 Rf8
34. f4 Kh7 35. Qe7 Qd8 36. Qxa7 Qd5+ 37. Rf3 Ra8 38. Qxb6 Rxa3 39. Kg3 Qd2 40.
Qf6 Qe1+ 41. Rf2 Qxe3+ 42. Kg2 Qh3+ 0-1

[Event "Bundesliga 9900"]
[Site "Deutschland"]
[Date "1999.11.07"]
[Round "4.6"]
[White "Ellers, Holger"]
[Black "Polzin, Rainer"]
[Result "0-1"]
[WhiteElo "2426"]
[BlackElo "2475"]
[PlyCount "98"]
[EventDate "1999.10.09"]
[EventType "team"]
[EventRounds "15"]
[EventCountry "GER"]
[SourceTitle "Bundesliga 9900"]
[Source "DeepChess"]
[SourceDate "2005.01.01"]
[SourceVersion "1"]
[SourceVersionDate "2005.01.01"]
[SourceQuality "1"]
[WhiteTeam "SV Wattenscheid 1930"]
[BlackTeam "SF Neukoelln 03 e.V."]
[WhiteTeamCountry "GER"]
[BlackTeamCountry "GER"]

1. d4 Nf6 2. Nf3 g6 3. g3 Bg7 4. Bg2 O-O 5. O-O d6 6. c4 Nbd7 7. Nc3 e5 8. h3
exd4 9. Nxd4 Re8 10. e4 a6 11. Re1 Rb8 12. Nb3 b6 13. Bf4 Bb7 14. Rb1 Nh5 15.
Bd2 Ne5 16. g4 Nf6 17. Qe2 h5 18. g5 Nh7 19. f4 Nd7 20. Qd3 Nhf8 21. Rbd1 Ne6
22. Be3 Nec5 23. Nxc5 Nxc5 24. Bxc5 bxc5 25. b3 Bc6 26. e5 Bxg2 27. Kxg2 dxe5
28. Qe4 Qc8 29. Nd5 Kh7 30. Nf6+ Bxf6 31. gxf6 Rb6 32. fxe5 Rxf6 33. exf6 Rxe4
34. Rxe4 Qf5 35. Re2 h4 36. Rde1 Qxf6 37. Re3 Qg5+ 38. Kh1 Kg7 39. R1e2 Qf4 40.
Kg2 a5 41. Rf3 Qg5+ 42. Kh2 f5 43. Rfe3 Qf4+ 44. Kg2 a4 45. bxa4 Qxc4 46. a5 f4
47. Re7+ Kh6 48. Kf3 Qd3+ 49. Kxf4 g5+ 0-1

[Event "Bundesliga 9900"]
[Site "Deutschland"]
[Date "1999.11.07"]
[Round "4.7"]
[White "Rudolf, Henrik"]
[Black "Koehn, Peter"]
[Result "0-1"]
[WhiteElo "2344"]
[BlackElo "2323"]
[PlyCount "74"]
[EventDate "1999.10.09"]
[EventType "team"]
[EventRounds "15"]
[EventCountry "GER"]
[SourceTitle "Bundesliga 9900"]
[Source "DeepChess"]
[SourceDate "2005.01.01"]
[SourceVersion "1"]
[SourceVersionDate "2005.01.01"]
[SourceQuality "1"]
[WhiteTeam "SF Neukoelln 03 e.V."]
[BlackTeam "SV Wattenscheid 1930"]
[WhiteTeamCountry "GER"]
[BlackTeamCountry "GER"]

1. e4 c5 2. Nf3 d6 3. d4 cxd4 4. Nxd4 Nf6 5. Nc3 Nc6 6. Bc4 e6 7. Be3 Be7 8.
Qe2 a6 9. O-O-O Qc7 10. h3 O-O 11. f4 b5 12. Bd3 b4 13. Na4 Nxd4 14. Bxd4 e5
15. fxe5 dxe5 16. Bb6 Qc6 17. b3 Be6 18. Rhe1 Rfc8 19. Bf2 Nd7 20. Bc4 Nc5 21.
Bxc5 Bxc5 22. Nxc5 Qxc5 23. Bxe6 fxe6 24. Rd7 Ra7 25. Red1 Rxd7 26. Rxd7 h6 27.
Qd2 Kh7 28. Rd6 a5 29. Rxe6 a4 30. bxa4 Rf8 31. Kb2 Rf1 32. Re8 Qg1 33. Kb3 Rd1
34. Qe2 Qd4 35. a5 Rb1+ 36. Ka4 b3+ 37. c4 Qd7+ 0-1

[Event "Bundesliga 9900"]
[Site "Deutschland"]
[Date "1999.11.07"]
[Round "4.8"]
[White "Thiel, Thomas"]
[Black "Thiede, Lars"]
[Result "0-1"]
[WhiteElo "2327"]
[BlackElo "2386"]
[PlyCount "53"]
[EventDate "1999.10.09"]
[EventType "team"]
[EventRounds "15"]
[EventCountry "GER"]
[SourceTitle "Bundesliga 9900"]
[Source "DeepChess"]
[SourceDate "2005.01.01"]
[SourceVersion "1"]
[SourceVersionDate "2005.01.01"]
[SourceQuality "1"]
[WhiteTeam "SV Wattenscheid 1930"]
[BlackTeam "SF Neukoelln 03 e.V."]
[WhiteTeamCountry "GER"]
[BlackTeamCountry "GER"]

1. e4 g6 2. d4 Bg7 3. Nf3 d6 4. Nc3 Nf6 5. h3 O-O 6. Be3 b6 7. Bc4 e6 8. Qd2 a6
9. Bg5 Bb7 10. Bd3 c5 11. O-O-O Nbd7 12. h4 Qc7 13. h5 c4 14. Bh6 cxd3 15. hxg6
Bxe4 16. Bxg7 Kxg7 17. Qh6+ Kg8 18. Ng5 Bxg6 19. Rxd3 Rfc8 20. Rg3 Nf8 21. Rf3
Ng4 22. Qh4 f5 23. Rg3 Qe7 24. f3 h6 25. fxg4 Qxg5+ 26. Qxg5 hxg5 27. gxf5 0-1

[Event "Bundesliga 9900"]
[Site "Deutschland"]
[Date "1999.11.07"]
[Round "4.3"]
[White "Rogozenko, Dorian"]
[Black "Huebner, Robert"]
[Result "1/2-1/2"]
[WhiteElo "2576"]
[BlackElo "2599"]
[PlyCount "45"]
[EventDate "1999.10.09"]
[EventType "team"]
[EventRounds "15"]
[EventCountry "GER"]
[SourceTitle "Bundesliga 9900"]
[Source "DeepChess"]
[SourceDate "2005.01.01"]
[SourceVersion "1"]
[SourceVersionDate "2005.01.01"]
[SourceQuality "1"]
[WhiteTeam "USC Magdeburg"]
[BlackTeam "SG 1868 Aljech. Solingen"]
[WhiteTeamCountry "GER"]
[BlackTeamCountry "GER"]

1. c4 e5 2. Nc3 Nf6 3. Nf3 Nc6 4. g3 d5 5. cxd5 Nxd5 6. Bg2 Nb6 7. a3 Be6 8. d3
Be7 9. O-O O-O 10. b4 Nd4 11. Bb2 Nxf3+ 12. Bxf3 c6 13. Rc1 f6 14. b5 Rc8 15.
bxc6 bxc6 16. Ne4 c5 17. a4 Qd7 18. a5 Nd5 19. Ba3 Qb5 20. Qd2 Nb4 21. Ra1 Rb8
22. Rfc1 Rfc8 23. Qe3 1/2-1/2

[Event "Bundesliga 9900"]
[Site "Deutschland"]
[Date "1999.11.07"]
[Round "4.4"]
[White "Piket, Jeroen"]
[Black "Baklan, Vladimir"]
[Result "0-1"]
[WhiteElo "2625"]
[BlackElo "2591"]
[PlyCount "74"]
[EventDate "1999.10.09"]
[EventType "team"]
[EventRounds "15"]
[EventCountry "GER"]
[SourceTitle "Bundesliga 9900"]
[Source "DeepChess"]
[SourceDate "2005.01.01"]
[SourceVersion "1"]
[SourceVersionDate "2005.01.01"]
[SourceQuality "1"]
[WhiteTeam "SG 1868 Aljech. Solingen"]
[BlackTeam "USC Magdeburg"]
[WhiteTeamCountry "GER"]
[BlackTeamCountry "GER"]

1. d4 Nf6 2. c4 c5 3. d5 b5 4. cxb5 a6 5. bxa6 g6 6. Nc3 Bxa6 7. Nf3 d6 8. g3
Bg7 9. Bg2 Nbd7 10. Rb1 O-O 11. O-O Qb6 12. b3 Rab8 13. Qc2 Rfc8 14. Bd2 e6 15.
dxe6 fxe6 16. Rfd1 d5 17. Bf4 Ra8 18. Ne5 Bb7 19. Nc4 Qa6 20. Nd6 Rf8 21. Nxb7
Qxb7 22. Bd6 Rf7 23. e4 Ng4 24. exd5 Rxf2 25. Qe4 Bxc3 26. Qxg4 Raxa2 27. Qxe6+
Kg7 28. Qe7+ Rf7 29. Qe3 Qb4 30. Kh1 Bd4 31. Qe4 Qb6 32. Bf4 Nf6 33. Qf3 Rf2
34. Qd3 Ng4 35. h3 g5 36. Bxg5 Rxg2 37. Kxg2 Rf2+ 0-1

[Event "Bundesliga 9900"]
[Site "Deutschland"]
[Date "1999.11.07"]
[Round "4.5"]
[White "Georgiev, Vladimir"]
[Black "Kasimdzhanov, Rustam"]
[Result "0-1"]
[WhiteElo "2519"]
[BlackElo "2603"]
[PlyCount "52"]
[EventDate "1999.10.09"]
[EventType "team"]
[EventRounds "15"]
[EventCountry "GER"]
[SourceTitle "Bundesliga 9900"]
[Source "DeepChess"]
[SourceDate "2005.01.01"]
[SourceVersion "1"]
[SourceVersionDate "2005.01.01"]
[SourceQuality "1"]
[WhiteTeam "USC Magdeburg"]
[BlackTeam "SG 1868 Aljech. Solingen"]
[WhiteTeamCountry "GER"]
[BlackTeamCountry "GER"]

1. d4 Nf6 2. c4 g6 3. Nc3 Bg7 4. e4 d6 5. Bd3 O-O 6. Nge2 Nc6 7. O-O Nh5 8. Be3
e5 9. d5 Ne7 10. Qd2 f5 11. exf5 gxf5 12. Ng3 Nf6 13. f4 Ng4 14. fxe5 Nxe3 15.
Qxe3 Bxe5 16. Qg5+ Kh8 17. Rf3 Bd7 18. Raf1 Ng6 19. Qxd8 Raxd8 20. Nxf5 Bxc3
21. bxc3 Ne5 22. g4 Nxf3+ 23. Rxf3 Rde8 24. Kf2 a6 25. Rf4 Re5 26. h4 h5 0-1

[Event "Bundesliga 9900"]
[Site "Deutschland"]
[Date "1999.11.07"]
[Round "4.6"]
[White "Lobron, Eric"]
[Black "Proehl, Holger"]
[Result "1-0"]
[WhiteElo "2540"]
[BlackElo "2389"]
[PlyCount "81"]
[EventDate "1999.10.09"]
[EventType "team"]
[EventRounds "15"]
[EventCountry "GER"]
[SourceTitle "Bundesliga 9900"]
[Source "DeepChess"]
[SourceDate "2005.01.01"]
[SourceVersion "1"]
[SourceVersionDate "2005.01.01"]
[SourceQuality "1"]
[WhiteTeam "SG 1868 Aljech. Solingen"]
[BlackTeam "USC Magdeburg"]
[WhiteTeamCountry "GER"]
[BlackTeamCountry "GER"]

1. c4 e6 2. Nc3 d5 3. d4 Nf6 4. cxd5 exd5 5. Bg5 Be7 6. e3 O-O 7. Bd3 Nbd7 8.
Nge2 Re8 9. Qc2 Nf8 10. O-O Nh5 11. Bxe7 Rxe7 12. b4 Nf6 13. Rad1 a6 14. a3 b6
15. Ng3 Bb7 16. Rfe1 g6 17. e4 Ne6 18. exd5 Nxd5 19. Be4 Nef4 20. Nxd5 Bxd5 21.
Qd2 Qd6 22. Bxd5 Nxd5 23. Re5 Nf6 24. Qe2 Kf8 25. h3 a5 26. Qf3 Rd8 27. Rde1
Ng8 28. bxa5 bxa5 29. Qe3 Rdd7 30. Ne4 Rxe5 31. dxe5 Qd4 32. Nf6 Rd8 33. Nxh7+
Kg7 34. Ng5 Ne7 35. Qf3 Nf5 36. Qc6 Qb6 37. Qc4 Rd7 38. e6 fxe6 39. Nxe6+ Kf6
40. Qc3+ Nd4 41. Nc5 1-0

[Event "Bundesliga 9900"]
[Site "Deutschland"]
[Date "1999.11.07"]
[Round "4.7"]
[White "Stolz, Mike"]
[Black "Naumann, Alexander"]
[Result "0-1"]
[WhiteElo "2308"]
[BlackElo "2478"]
[PlyCount "82"]
[EventDate "1999.10.09"]
[EventType "team"]
[EventRounds "15"]
[EventCountry "GER"]
[SourceTitle "Bundesliga 9900"]
[Source "DeepChess"]
[SourceDate "2005.01.01"]
[SourceVersion "1"]
[SourceVersionDate "2005.01.01"]
[SourceQuality "1"]
[WhiteTeam "USC Magdeburg"]
[BlackTeam "SG 1868 Aljech. Solingen"]
[WhiteTeamCountry "GER"]
[BlackTeamCountry "GER"]

1. e4 c5 2. c3 Nf6 3. e5 Nd5 4. g3 Qc7 5. Qe2 Nc6 6. Bg2 e6 7. Nf3 Be7 8. O-O
O-O 9. Re1 Rb8 10. d4 cxd4 11. Nxd4 Nxd4 12. cxd4 b5 13. Bxd5 exd5 14. Nc3 Qc6
15. Bf4 b4 16. Nd1 Qe6 17. Qd2 Ba6 18. Bg5 Bxg5 19. Qxg5 d6 20. Qd2 Rfe8 21.
Ne3 dxe5 22. dxe5 Rbd8 23. Nc2 d4 24. Nxd4 Qd5 25. Rad1 Bb7 26. f3 Rxe5 27.
Rxe5 Qxe5 28. Re1 Qc5 29. Qf2 h6 30. Nb3 Qd5 31. Kg2 a5 32. Re4 Qf5 33. Rf4 Qb5
34. Nd4 Qd3 35. h4 Rc8 36. b3 Rc1 37. Rf5 Qd1 38. g4 Qh1+ 39. Kg3 Rg1+ 40. Kf4
Rg2 41. Qe3 Qh2# 0-1

[Event "Bundesliga 9900"]
[Site "Deutschland"]
[Date "1999.11.07"]
[Round "4.8"]
[White "Chandler, Murray G"]
[Black "Darnstaedt, Frank"]
[Result "1/2-1/2"]
[WhiteElo "2505"]
[BlackElo "2340"]
[PlyCount "59"]
[EventDate "1999.10.09"]
[EventType "team"]
[EventRounds "15"]
[EventCountry "GER"]
[SourceTitle "Bundesliga 9900"]
[Source "DeepChess"]
[SourceDate "2005.01.01"]
[SourceVersion "1"]
[SourceVersionDate "2005.01.01"]
[SourceQuality "1"]
[WhiteTeam "SG 1868 Aljech. Solingen"]
[BlackTeam "USC Magdeburg"]
[WhiteTeamCountry "GER"]
[BlackTeamCountry "GER"]

1. e4 c5 2. Nf3 Nc6 3. Bb5 g6 4. O-O Bg7 5. Re1 Nf6 6. e5 Nd5 7. Nc3 Nc7 8.
Bxc6 dxc6 9. Ne4 Ne6 10. d3 O-O 11. Be3 b6 12. Qd2 Nd4 13. Nxd4 cxd4 14. Bh6 c5
15. h4 Bb7 16. h5 Qd7 17. Bxg7 Kxg7 18. h6+ Kh8 19. Qg5 Qe6 20. Qg3 Qf5 21. Ng5
Rac8 22. Re2 c4 23. Rae1 Kg8 24. a3 Rc5 25. Nh3 cxd3 26. cxd3 Re8 27. Nf4 Rec8
28. Nh3 Re8 29. Nf4 Rec8 30. Nh3 1/2-1/2

[Event "Bundesliga 9900"]
[Site "Deutschland"]
[Date "1999.11.07"]
[Round "4.2"]
[White "Beim, Valery"]
[Black "Kindermann, Stefan"]
[Result "1/2-1/2"]
[WhiteElo "2559"]
[BlackElo "2527"]
[PlyCount "61"]
[EventDate "1999.10.09"]
[EventType "team"]
[EventRounds "15"]
[EventCountry "GER"]
[SourceTitle "Bundesliga 9900"]
[Source "DeepChess"]
[SourceDate "2005.01.01"]
[SourceVersion "1"]
[SourceVersionDate "2005.01.01"]
[SourceQuality "1"]
[WhiteTeam "TV Tegernsee"]
[BlackTeam "SK Koenig Plauen"]
[WhiteTeamCountry "GER"]
[BlackTeamCountry "GER"]

1. c4 g6 2. d4 Bg7 3. e4 d6 4. Nc3 Nf6 5. f4 O-O 6. Nf3 Na6 7. Bd3 Bg4 8. O-O
Nd7 9. Be3 e5 10. fxe5 c5 11. d5 Nxe5 12. Be2 Nxf3+ 13. Bxf3 Bxf3 14. Qxf3 Qe7
15. Bf4 Nc7 16. Qg3 Rad8 17. Kh1 Bd4 18. Rae1 f6 19. Ne2 Be5 20. Ng1 Bxf4 21.
Qxf4 Na6 22. Rf3 Nb8 23. Ra3 a6 24. Rb3 Qc7 25. Qf1 Nd7 26. Ne2 Rfe8 27. Nf4
Nf8 28. Rg3 Qf7 29. Rf3 Qg7 30. Rg3 Qf7 31. Rf3 1/2-1/2

[Event "Bundesliga 9900"]
[Site "Deutschland"]
[Date "1999.11.07"]
[Round "4.3"]
[White "Gdanski, Jacek"]
[Black "Hertneck, Gerald"]
[Result "1-0"]
[WhiteElo "2512"]
[BlackElo "2561"]
[PlyCount "79"]
[EventDate "1999.10.09"]
[EventType "team"]
[EventRounds "15"]
[EventCountry "GER"]
[SourceTitle "Bundesliga 9900"]
[Source "DeepChess"]
[SourceDate "2005.01.01"]
[SourceVersion "1"]
[SourceVersionDate "2005.01.01"]
[SourceQuality "1"]
[WhiteTeam "SK Koenig Plauen"]
[BlackTeam "TV Tegernsee"]
[WhiteTeamCountry "GER"]
[BlackTeamCountry "GER"]

1. e4 g6 2. d4 d6 3. Nc3 c6 4. Bg5 Qb6 5. Qd2 Qxb2 6. Rb1 Qa3 7. Bc4 Bg7 8.
Nge2 Qa5 9. O-O Nd7 10. Bb3 Nb6 11. Rbd1 Bd7 12. Rfe1 h5 13. h3 Bh6 14. Bxh6
Nxh6 15. Nf4 O-O-O 16. e5 Kb8 17. e6 fxe6 18. Nxg6 Rh7 19. Bxe6 Bxe6 20. Rxe6
Nc8 21. d5 c5 22. Qd3 Rf7 23. Nxe7 Rxe7 24. Rxh6 Re5 25. f4 Re7 26. f5 Rf8 27.
f6 Re5 28. Rf1 Qb4 29. f7 Qd4+ 30. Kh2 Re7 31. Rhf6 Nb6 32. Qxd4 cxd4 33. Nb5
Nxd5 34. Rg6 Rd7 35. Rg8 Rdd8 36. Rxf8 Rxf8 37. Nxd4 Nc7 38. g4 hxg4 39. hxg4
Kc8 40. g5 1-0

[Event "Bundesliga 9900"]
[Site "Deutschland"]
[Date "1999.11.07"]
[Round "4.4"]
[White "Teske, Henrik"]
[Black "Bischoff, Klaus"]
[Result "1/2-1/2"]
[WhiteElo "2515"]
[BlackElo "2509"]
[PlyCount "29"]
[EventDate "1999.10.09"]
[EventType "team"]
[EventRounds "15"]
[EventCountry "GER"]
[SourceTitle "Bundesliga 9900"]
[Source "DeepChess"]
[SourceDate "2005.01.01"]
[SourceVersion "1"]
[SourceVersionDate "2005.01.01"]
[SourceQuality "1"]
[WhiteTeam "TV Tegernsee"]
[BlackTeam "SK Koenig Plauen"]
[WhiteTeamCountry "GER"]
[BlackTeamCountry "GER"]

1. e4 c5 2. Nf3 d6 3. Nc3 Nf6 4. e5 dxe5 5. Nxe5 Nbd7 6. Bb5 a6 7. Nxd7 Bxd7 8.
Bxd7+ Qxd7 9. O-O e6 10. b3 Be7 11. Bb2 O-O 12. Qe2 Rfe8 13. Rad1 Qc6 14. Rfe1
Rad8 15. d3 1/2-1/2

[Event "Bundesliga 9900"]
[Site "Deutschland"]
[Date "1999.11.07"]
[Round "4.5"]
[White "Espig, Lutz"]
[Black "Schmittdiel, Eckhard"]
[Result "1-0"]
[WhiteElo "2423"]
[BlackElo "2505"]
[PlyCount "81"]
[EventDate "1999.10.09"]
[EventType "team"]
[EventRounds "15"]
[EventCountry "GER"]
[SourceTitle "Bundesliga 9900"]
[Source "DeepChess"]
[SourceDate "2005.01.01"]
[SourceVersion "1"]
[SourceVersionDate "2005.01.01"]
[SourceQuality "1"]
[WhiteTeam "SK Koenig Plauen"]
[BlackTeam "TV Tegernsee"]
[WhiteTeamCountry "GER"]
[BlackTeamCountry "GER"]

1. Nf3 Nf6 2. c4 c5 3. Nc3 b6 4. g3 Bb7 5. Bg2 e6 6. O-O Be7 7. d4 cxd4 8. Qxd4
O-O 9. Rd1 d6 10. Bg5 Nbd7 11. Nb5 d5 12. cxd5 Bxd5 13. Nc3 Bb7 14. Rac1 h6 15.
Bf4 a6 16. Ne5 Bxg2 17. Nxd7 Nxd7 18. Qxd7 Bh3 19. Qb7 Qe8 20. Qxb6 f6 21. Bd6
Rf7 22. Bxe7 Rxe7 23. Rd6 Kh7 24. Qd4 Rc7 25. Rxa6 Rxa6 26. Qd3+ f5 27. Qxa6
Qb8 28. b3 Qd8 29. Qd3 Rd7 30. Qe3 Qa5 31. f3 e5 32. Kf2 g5 33. b4 Qxb4 34.
Qxe5 Qa3 35. Rb1 Re7 36. Qd4 Qa8 37. Rb6 Qa3 38. Qd6 Qxd6 39. Rxd6 Ra7 40. Ke3
Kg7 41. a4 1-0